[Event "3rd Yerevan Open-A 2021"]
[Site "Yerevan"]
[Date "2021.10.22"]
[Round "9.3"]
[White "Karthik Venkataraman"]
[Black "Mikaelyan, Arman"]
[Result "0-1"]
[WhiteElo "2483"]
[BlackElo "2487"]
[Annotator "TA"]
[PlyCount "92"]
[EventDate "2021.10.14"]
[EventType "swiss"]
[EventCountry "ARM"]
[SourceTitle "playchess.com"]
[Source "ChessBase"]
[SourceQuality "1"]

{[%evp 17,92,46,46,0,3,13,0,1,75,0,0,0,0,0,0,6,37,55,59,32,33,41,73,72,73,63,68,53,83,20,20,-129,-123,-96,-107,-165,-150,-140,-5,-163,-164,-150,-112,-164,-163,-152,-77,-260,0,-245,-183,-188,-164,-180,-161,-355,-301,-335,-343,-343,-343,-343,-340,-335,-273,-270,-244,-331,-237,-536,-529,-490,-472,-4710,-4133,-29981,-29982]} 1. e4 e5 2. Nf3 Nc6 3. Bb5 a6 4. Ba4 Nf6 5. O-O Bc5 6. c3 b5 7. Bb3 d6 8. a4 {[%cal Ba2a4,Ba4a5][%mdl 32]} Rb8 9. d4 Bb6 10. a5 {outshines the older 10.axb5. C78: Ruy Lopez: Archangelsk and Möller Defences.} Ba7 ({Wrong is} 10... Bxa5 $2 11. dxe5 (11. d5 Ne7 $18) 11... dxe5 12. Qxd8+ Kxd8 13. Bd5 $18 (13. Bxf7 Bb6 $16)) 11. h3 O-O 12. Be3 {The position is equal.} Re8 (12... exd4 $11 {keeps the balance.} 13. cxd4 Nxe4) 13. Ng5 (13. dxe5 $16 Bxe3 14. exf6) 13... Rf8 $11 14. Re1 h6 15. Nf3 Ra8 16. Nbd2 Bb7 17. Nf1 exd4 18. cxd4 {[#]} Ne7 $146 ({Predecessor (2):} 18... d5 19. e5 Ne4 20. N3h2 f5 21. exf6 Nxf6 22. Ng4 Kh8 23. Ng3 Qd7 24. Ne5 Nxe5 25. dxe5 Bxe3 26. Rxe3 Ng8 {1-0 (31) Ayats Llobera,G (2417)-Vidarte Morales,A (2329) Barcelona 2021}) 19. d5 Bxe3 20. Rxe3 c6 21. dxc6 Nxc6 22. Qe1 Ne5 23. Rd1 (23. Nxe5 $16 dxe5 24. Ng3) 23... Nxf3+ 24. gxf3 (24. Rxf3 $11 {was the only way to keep the balance.} Nxe4 25. Ne3) 24... Nh5 $1 $17 25. Ng3 Nf4 26. e5 (26. Rc3 $17) 26... Nxh3+ 27. Kf1 Nf4 (27... Qh4 $1 $17 28. Rxd6 Nf4) 28. Rxd6 $2 (28. Ne2 $11 Qh4 29. Nxf4 Qxf4 30. Rxd6) 28... Qh4 $19 {( -> ...Qh3+)} 29. Kg1 Kh8 30. Bc2 (30. e6 $17 fxe6 31. Bxe6) 30... Rac8 $40 {[%mdl 128] Black is out for blood.} 31. Bf5 Rc7 (31... Rc4 $142 32. Rc3 Ra4) 32. Rd1 $2 (32. Rc3 $17 Re7 33. Qd2 Rxe5 34. Rd4) 32... h5 $2 ({Black should try} 32... g6 $19 33. Be4 Bc8) 33. Qd2 $2 (33. Rc3 $11 Rxc3 34. Qxc3) 33... Bd5 34. Rc3 Rxc3 35. Qxc3 Be6 {aiming for ...Bxf5.} 36. Rd4 $2 (36. Qe3) 36... Bxf5 37. Qd2 {[#]} g5 38. Nxf5 Qh3 {[%csl Gf4,LRf3,LRf5][%cal Rh3g2][%mdl 64] Double Attack} 39. Rxf4 gxf4 40. Qxf4 {[%mdl 4096] Endgame Threatening mate with Qh6+. KQR-KQN} Rg8+ 41. Ng3 {[%cal Rf4h6] [#]} Rg7 $1 42. Qh6+ Kg8 {Strongly threatening ...Rg6!} 43. Qxa6 (43. e6 {was forced.} Qxe6 44. Qxh5) 43... Kh7 {Threatens to win with ...h4.} ({Not} 43... h4 44. Qh6 $17) 44. Qxb5 h4 {[%mdl 64] Pin} 45. Qd3+ (45. Qf1 $142 Qd7 46. Kg2) 45... Rg6 {[%mdl 64] Pin} 46. Qc4 hxg3 {Weighted Error Value: White=0.95/Black=0.20} 0-1

[Event "3rd Yerevan Open-A 2021"]
[Site "Yerevan"]
[Date "2021.10.22"]
[Round "9.4"]
[White "Gharibyan, Mamikon"]
[Black "Gukesh D"]
[Result "1/2-1/2"]
[WhiteElo "2471"]
[BlackElo "2640"]
[Annotator "TA"]
[PlyCount "60"]
[EventDate "2021.10.14"]
[EventType "swiss"]
[EventCountry "ARM"]
[SourceTitle "playchess.com"]
[Source "ChessBase"]
[SourceQuality "1"]

{[%evp 11,60,22,39,-2,16,18,18,18,31,25,20,10,17,14,8,31,13,25,18,12,19,29,62,-8,-9,-12,-1,-44,-34,-79,-71,-105,-73,-111,0,0,0,0,0,0,0,0,0,0,0,0,0,0,0,0,0]} 1. d4 Nf6 2. c4 e6 3. Nf3 d5 4. g3 dxc4 5. Bg2 a6 6. O-O Nc6 7. a4 {E04: Open Catalan: 5 Nf3.} Bb4 8. Na3 c3 9. Qb3 cxb2 10. Bxb2 {[#] Ne5 is the strong threat.} Be7 $146 ({Predecessor:} 10... O-O 11. Ne5 a5 12. Nxc6 bxc6 13. Bxc6 Ra6 14. Bg2 Bd7 15. Rac1 Qe8 16. Rxc7 Bxa4 {1-0 (34) Goltseva,E (2306)-Hryzlova,S (1940) Chess.com INT 2020}) 11. Nc4 O-O 12. a5 Rb8 13. Rfd1 Bd7 14. Nfe5 Nxe5 15. dxe5 Nd5 16. e4 Nb4 17. Bh3 (17. Rd2 $1 $14 Qe8 18. Nd6 $1 {[%mdl 512]} cxd6 19. exd6) 17... Nc6 $11 18. Qd3 Be8 19. Qe2 (19. Qe3 $5 {[%cal Rd1d8]} Bd7 20. Qd3 $11) 19... Qc8 20. Qg4 Kh8 21. f4 Nb4 22. Rac1 {[#] aiming for Nd6!} Bc6 (22... Ba4 $1 $17 {[%cal Ra4d1]} 23. Rd2 Nc6) 23. Nd6 $1 $36 {[%cal Rd6c8][%mdl 2048] White has some pressure.The position is equal.} cxd6 24. exd6 {[%csl Gb2][%cal Rg4g7]} Bf6 25. Bxf6 gxf6 26. Rc4 Na2 27. Qe2 Bb5 28. Qb2 Qxc4 29. Qxf6+ Kg8 30. Qg5+ Kh8 {Weighted Error Value: White=0.14/Black=0.09} 1/2-1/2

[Event "3rd Yerevan Open-A 2021"]
[Site "Yerevan"]
[Date "2021.10.22"]
[Round "9.5"]
[White "Shahinyan, David"]
[Black "Erigaisi Arjun"]
[Result "0-1"]
[WhiteElo "2469"]
[BlackElo "2634"]
[Annotator "TA"]
[PlyCount "76"]
[EventDate "2021.10.14"]
[EventType "swiss"]
[EventCountry "ARM"]
[SourceTitle "playchess.com"]
[Source "ChessBase"]
[SourceQuality "1"]

{[%evp 17,76,0,-11,-37,-42,-47,-28,0,0,0,0,0,0,0,0,0,0,-7,0,-89,0,0,0,0,0,0,0,0,0,0,0,-163,-181,-238,-269,-544,-458,-774,-779,-761,-751,-837,-759,-727,-634,-558,-541,-845,-825,-775,-776,-12834,-6183,-29968,-29974,-29986,-29987,-29989,-29990,-29992,-29990]} 1. e4 e6 2. d4 d5 3. e5 c5 4. c3 Qb6 5. a3 Nc6 6. Nf3 Nh6 7. b4 cxd4 8. cxd4 Nf5 9. Be3 {is currently scoring better than 9.Bb2.} f6 10. Bd3 {C02: French: Advance Variation.} Nxe3 11. fxe3 fxe5 {Threatens to win with ...e4.} 12. b5 {Black has an edge.} Nxd4 13. exd4 e4 14. Bxe4 dxe4 15. Ne5 {Qh5+ is the strong threat.} Bd7 ({Wrong is} 15... Qxb5 $2 16. Nc3 $18) 16. Nc3 Qa5 17. O-O Qxc3 18. Rc1 $1 {[%cal Rc1c3] [#]} Qxa3 $146 (18... Qb2 $1 $17 {And now ...g6 would win.} 19. Rb1 Qxa3 20. Qh5+ g6 21. Nxg6 hxg6 22. Qxg6+ Kd8 23. Qf6+ Kc7 24. Qxh8 Kb6) ({Predecessor:} 18... Qb2 19. Kh1 Qxb5 20. a4 Qd5 21. Qh5+ g6 22. Qh4 Bd6 23. Nxg6 Qxd4 24. Nxh8 Qxh8 25. Qh5+ Kd8 26. Rf7 h6 27. Qh4+ {½-½ (27) Gaujens,A (2248)-Loeschnauer,R (2481) ICCF email 2016}) 19. Qh5+ $11 g6 20. Nxg6 hxg6 21. Qxg6+ Kd8 22. Qf6+ Be7 23. Qxh8+ Be8 24. Kh1 $2 {[#] Black converts the advantage convincingly.} (24. Rfe1 $1 $11 {and White has nothing to worry.}) 24... Qd6 $1 $19 25. Rc5 (25. Qg8 $142) 25... e3 26. Qh6 $2 (26. Rcc1 {was worth a try.}) 26... e5 27. Qg7 (27. Qxd6+ $142 Bxd6 28. Rd5) 27... e2 {[%cal Re2f1]} 28. Re1 exd4 29. Re5 d3 30. Rxe7 Qxe7 31. Qd4+ Bd7 32. Qh8+ {[#]} Kc7 $1 33. Qc3+ {[#]} Bc6 $1 {Strongly threatening ...Rd8.} 34. bxc6 (34. Qxd3 Qh4) 34... Rd8 {( -> ...d2)} 35. cxb7+ Kb8 {Black mates.} 36. Qd2 Qe4 37. Rg1 Re8 38. Qe1 Qe3 {Weighted Error Value: White=0.86/Black=0.04} 0-1

[Event "3rd Yerevan Open-A 2021"]
[Site "Yerevan"]
[Date "2021.10.22"]
[Round "9.6"]
[White "Tahbaz, Arash"]
[Black "Pantsulaia, Levan"]
[Result "1-0"]
[WhiteElo "2459"]
[BlackElo "2570"]
[Annotator "TA"]
[PlyCount "120"]
[EventDate "2021.10.14"]
[EventType "swiss"]
[EventCountry "ARM"]
[SourceTitle "playchess.com"]
[Source "ChessBase"]
[SourceQuality "1"]

{[%evp 18,120,55,52,45,30,75,70,70,71,60,29,39,37,46,30,35,27,22,38,39,10,91,101,100,75,118,86,81,85,83,0,0,0,0,0,16,-81,214,191,205,202,208,207,198,195,211,202,217,203,194,193,411,402,875,804,790,786,765,765,711,398,433,431,389,436,411,423,391,427,452,461,444,442,514,511,501,481,460,458,695,685,581,604,912,893,869,847,1132,1075,1130,1049,1911,1911,1589,1480,1721,1858,29976,1541,29981,29983,29983,29982,29991]} 1. d4 Nf6 2. Nf3 c5 3. d5 g6 4. Nc3 Bg7 5. e4 d6 6. Be2 O-O 7. O-O Na6 8. h3 Nc7 9. a4 a6 {is recently more successful than 9...b6.} 10. Re1 b6 {A43: Schmid Benoni.} 11. Bg5 h6 12. Bf4 {[#]} Rb8 $146 {White is slightly better.} ({Predecessor:} 12... Bb7 13. Bc4 Qd7 14. Qd3 Rad8 15. Bh2 Qc8 16. Rad1 Kh7 17. Qf1 Qa8 18. Rd2 Rfe8 {1-0 (49) Khruschiov,A (2496)-Ajrapetian,G (2361) Lipetsk 2008}) 13. e5 Nfe8 14. Qd2 g5 15. Bg3 f5 16. Nxg5 hxg5 17. Qxg5 f4 $1 {[%cal Rf4g3]} 18. Bxf4 {Threatens to win with Bd3.} dxe5 19. Bg3 (19. Bxe5 Rf5 $15) 19... Bf5 (19... Rf5 $11 20. Qh4 Bf6) 20. Bxe5 $16 e6 21. Qg3 exd5 22. Rad1 d4 ({Not} 22... Bxc2 $2 23. Nxd5 $1 Bxd1 24. Nxc7 $18) 23. Bc4+ Kh8 {[#]} 24. Ne4 ({White should play} 24. Qf4 $1 $16 {Hoping for Qh6+.} Kh7 25. Ne4 Bxe5 26. Qxe5) 24... Bxe5 $1 $11 25. Qxe5+ Ng7 26. c3 {[%cal Rc3d4]} Be6 ({Don't blunder} 26... Re8 $2 27. Qf4 $18) 27. Bd3 (27. Bf1 $11 {keeps the balance.}) 27... dxc3 $2 {[%mdl 8192] This costs Black the game.} (27... Bb3 $1 $17 {[%cal Rb3d1] keeps the pressure on.} 28. Rd2 Nce6 29. Bxa6 Qh4) 28. bxc3 $18 Rf5 29. Qg3 {[%mdl 1024] White has strong compensation.} Qe7 30. Nd6 Rd5 {[#]} 31. Qg6 $1 {[%csl Gd3][%cal Rg6h7]} Rh5 {[#]} 32. Nf5 {[%cal Rf5e7][%mdl 512]} Rxf5 33. Bxf5 ({Worse is} 33. g4 Qh4 $1 $11) 33... Nxf5 {[#]} 34. Qxf5 $40 {[%mdl 704] Pin. Black is in trouble.} Rg8 $2 (34... Bxf5 35. Rxe7 Ne8) 35. Qh5+ Kg7 (35... Qh7 $142 36. Qe5+ Qg7) 36. Re3 Kf8 37. Rf3+ Bf7 {[#]} 38. Rd8+ $1 {[%mdl 512]} Ne8 39. Qf5 {Black must now prevent Rd7!} Rg7 40. Rd7 Nd6 41. Rxe7 {Intending Qf6! and mate.} Nxf5 42. Rb7 Nh4 43. Rg3 Rxg3 44. fxg3 Nf5 45. Rxb6 Nxg3 46. Rxa6 Ne2+ 47. Kf2 Nxc3 48. a5 {[%cal Ba4a5,Ba5a6,Ba6a7][%mdl 32]} Be8 (48... Ke7 $142 49. Ra7+ Kf6) 49. Rb6 Nd5 50. Rh6 Nb4 51. a6 {Strongly threatening a7.} Nc6 52. Ke3 Kg7 53. Rd6 Kf7 54. Rd5 Nb4 55. Rf5+ Ke6 {[#]} 56. a7 $1 {[%mdl 512]} Bc6 (56... Kxf5 57. a8=Q) 57. Rxc5 Bxg2 58. Rc8 (58. Rc4 $142 Na6 59. Rg4 Bc6 60. Rg6+ Kd7 {[#]} 61. Rxc6 $1 {[%mdl 576] Remove Defender, Decoy, Promotion} Kxc6 62. a8=Q+ {[%mdl 64] Double Attack} Kb6 63. Qd8+ Nc7 64. h4) 58... Nd5+ 59. Kf2 Nf4 60. Rf8 Kd5 {Weighted Error Value: White=0.18/Black=0.60} 1-0

[Event "3rd Yerevan Open-A 2021"]
[Site "Yerevan"]
[Date "2021.10.22"]
[Round "9.7"]
[White "Goganov, Aleksey"]
[Black "Urazayev, Arystanbek"]
[Result "1-0"]
[WhiteElo "2557"]
[BlackElo "2451"]
[Annotator "TA"]
[PlyCount "153"]
[EventDate "2021.10.14"]
[EventType "swiss"]
[EventCountry "ARM"]
[SourceTitle "playchess.com"]
[Source "ChessBase"]
[SourceQuality "1"]

{[%evp 12,153,15,18,41,34,38,36,38,0,4,12,32,26,16,17,19,4,25,25,30,22,30,22,56,50,48,47,56,52,56,50,56,45,98,97,103,103,103,103,103,103,114,111,120,120,120,120,119,114,112,99,120,120,121,121,121,120,120,120,120,120,120,120,120,120,120,0,120,114,120,114,114,114,120,120,120,114,120,114,120,120,120,113,113,113,113,113,120,120,120,113,113,87,87,87,87,87,87,79,79,79,79,36,36,41,48,48,42,28,28,28,28,28,37,43,50,48,50,56,56,29,43,43,68,68,68,29,63,39,80,36,87,87,790,584,10506,5600,29982,29983,29983,29984,29984,29985]} 1. d4 Nf6 2. c4 e6 3. Nf3 d5 4. g3 Bb4+ 5. Bd2 a5 6. Qc2 O-O 7. Bg2 c5 {E11: Bogo-Indian.} 8. cxd5 $1 {The main line 8.cxd5 scores better than 8.dxc5.} cxd4 9. Nxd4 Qb6 {White is slightly better.} 10. Nf3 exd5 11. O-O Bxd2 12. Nbxd2 Nc6 {[#]} 13. Nb3 $146 ({Predecessor:} 13. Qb3 Ra6 14. Qxb6 Rxb6 15. b3 {½-½ (15) Postny,E (2637)-Filippov,A (2617) Sibenik 2012}) 13... Ne4 14. Rad1 Bf5 {White must now prevent ...Nxf2.} (14... Nb4 $5 {[%cal Rb4c2]} 15. Qb1 Bg4 $11) 15. Nbd4 ({Much weaker is} 15. Rxd5 Nb4 $1 $17) 15... Bg6 16. Qb3 Qxb3 17. axb3 Ra6 {[%cal Ba8a6,Ba6b6,Bb6b3][%mdl 32]} 18. Ra1 Rb6 19. Rfc1 Nd2 20. Nxc6 Nxf3+ 21. Bxf3 bxc6 22. Rxa5 Rxb3 ({Black should play} 22... Bf5 $14) 23. Rxc6 $16 Rxb2 24. Rxd5 Bb1 25. h4 Ba2 26. Rd4 Rbb8 27. h5 h6 28. Kg2 Rfd8 29. Rxd8+ Rxd8 {[%mdl 4096] Endgame KRB-KRB} 30. Rc5 Kf8 31. g4 f6 32. Be4 Rd7 33. f3 Ke7 34. Kg3 Ra7 35. Bg6 Be6 36. Rc3 Kd6 37. Rd3+ Ke7 38. Re3 Kd6 39. Rd3+ Ke7 $1 40. e3 Ra1 41. Rc3 Ra7 42. Rc1 Kd6 43. Rb1 Ke7 44. Rb8 Rc7 45. Ra8 Kd6 46. Ra3 Ke7 47. e4 Rb7 48. Ra8 Rc7 49. Kf4 Kd6 50. Bf5 {And now Ra6+ would win.} Bf7 51. Ke3 Ke7 52. f4 Rc3+ 53. Ke2 Rc2+ 54. Kd3 Ra2 55. Rb8 Ra3+ 56. Kd4 Ra4+ 57. Ke3 Ra3+ 58. Kf2 Ra2+ 59. Kg3 Ra3+ 60. Kh4 Rf3 61. e5 fxe5 $1 62. fxe5 {Rb7+ is the strong threat.} Re3 $1 63. Rb7+ Kf8 64. Rb5 Ke7 65. Rc5 Kf8 66. g5 hxg5+ 67. Kxg5 Re1 68. Bg4 $1 {Hoping for h6.} Ke7 69. Ra5 Rg1 70. Ra7+ Ke8 71. Ra6 {aiming for e6.} Bc4 (71... Bd5 $14) 72. Ra8+ Ke7 $2 {[%mdl 8192] A mistake that costs the game.} (72... Kf7 $16) 73. Ra7+ $18 Kf8 {[#]} 74. h6 $1 {[%cal Rh6h7][%mdl 64] Intending h7 and mate. Overworked Piece} gxh6+ {[#]} 75. Kf6 $1 {[%cal Ra7a8] White mates.} Rf1+ 76. Bf5 {[%cal Ra7a8]} Bb5 77. e6 {Weighted Error Value: White=0.06/Black=0.04} 1-0

[Event "3rd Yerevan Open-A 2021"]
[Site "Yerevan"]
[Date "2021.10.22"]
[Round "9.8"]
[White "Pour Agha Bala, Amirreza"]
[Black "Sychev, Klementy"]
[Result "1/2-1/2"]
[WhiteElo "2432"]
[BlackElo "2555"]
[Annotator "TA"]
[PlyCount "193"]
[EventDate "2021.10.14"]
[EventType "swiss"]
[EventCountry "ARM"]
[SourceTitle "playchess.com"]
[Source "ChessBase"]
[SourceQuality "1"]

{[%evp 15,193,0,23,0,8,0,0,0,6,10,0,-42,-24,-34,-12,-32,-28,-25,-27,-27,-27,-47,-30,-43,-27,-56,-35,-91,-87,-79,-87,-90,-72,-80,-84,-98,-80,-83,-85,-83,-77,-94,-51,-46,-41,-59,-66,-66,-59,-59,-30,-36,0,-59,0,-37,0,-59,0,-59,0,-59,0,-63,0,-59,0,-38,-38,-49,-49,-59,-59,-59,-59,-54,-59,-59,-59,-59,-21,-80,-59,-59,-37,-59,0,-59,-19,-59,-60,-63,-62,-80,0,-79,0,-71,-25,-68,-45,-63,-63,-77,-37,-46,-44,-59,-10,-21,0,-14,0,-70,0,0,0,0,0,0,0,0,0,0,0,0,0,0,0,0,0,0,0,0,0,-18,-18,-18,0,0,0,0,0,0,0,-5,0,0,0,0,0,0,0,0,0,0,8,0,0,0,0,0,0,-18,-18,-18,-18,-18,-18,-56,-18,-67,-67,-68,-68,-98,-68,-98,-68,-98]} 1. d4 Nf6 2. c4 e6 3. Nc3 Bb4 4. e3 O-O 5. Bd3 d5 6. Nf3 dxc4 7. Bxc4 c5 8. O-O Nc6 9. Bd3 {E54: Nimzo-Indian: Rubinstein: Main Line: 7...dxc4 8 Bxc4.} h6 $1 {[%mdl 4] is recently more successful than 9...cxd4.} 10. Ne4 cxd4 11. exd4 {The position is equal.} Be7 {[#]} ({Avoid the trap} 11... Nxd4 $2 12. Nxf6+ Qxf6 13. Nxd4 $18) 12. Bb1 $146 ({Predecessor:} 12. Bf4 Nd5 13. Bg3 a6 14. a3 b5 15. Rc1 Qb6 16. Bb1 Rd8 17. Qd3 f5 18. Nc5 Bf6 19. Be5 Nxe5 20. Nxe5 Bxe5 21. dxe5 {0-1 (29) Buchner,M (1777)-Enne,H (1916) Playchess.com INT 2020}) 12... Nd5 13. Ne5 Bd7 14. Re1 f5 {[#] Hoping for ...Nxe5.} 15. Nc5 Nxe5 16. Rxe5 Bxc5 17. dxc5 Qc7 18. Qe1 Qxc5 19. a3 Qd4 20. Ba2 Rae8 21. Bd2 ({White must play} 21. h3 $15) 21... Qxb2 $17 22. Bxd5 exd5 23. Bc3 Qb6 (23... Qb5 {is interesting.} 24. Bd4 Qc4 25. Bxa7 Rxe5 26. Qxe5 Re8) 24. Rd1 Bc6 25. Bd4 Qc7 26. Qc3 Rxe5 27. Bxe5 Qd7 28. Qd4 a6 29. Rd3 Rf7 30. f4 Kh7 31. Rg3 Qe7 32. Re3 Qh4 33. Rg3 Qe7 34. Re3 Qh4 35. Rg3 Re7 36. Qd3 (36. Bd6 $11) 36... Qh5 (36... g6 $1 $15) 37. Qd4 ({Better is} 37. h3 $1 $11) 37... Qh4 38. Qd3 Qh5 39. Qd4 {[%cal Rg3g7]} Qh4 (39... Qe8 {looks sharper.} 40. h3 Qd7 41. Qb6 Qe6 42. Qd4 g5) 40. Qd3 Rf7 41. Qd4 {[%cal Re5g7]} g6 42. Qd2 Qd8 43. Qd4 Qe8 44. h4 Qe7 45. Rh3 Rf8 46. Kh2 h5 47. Kg1 Rc8 48. Kh2 (48. Re3 $11 {keeps the balance.} Re8 49. g3) 48... Re8 49. Kg1 Rf8 50. Kh1 Re8 51. Kg1 Rg8 52. Kh1 Ra8 53. Kg1 Re8 54. Kh1 Rc8 55. Kh2 $1 Rf8 (55... Bb5 {feels hotter.} 56. Qxd5 Rd8 57. Qa2 Bc6 58. Qf2 Rd7) 56. Kg1 Rf7 57. Kh2 Qd8 58. Kg1 Rf8 59. Kh2 Bb5 (59... Re8 {keeps more tension.} 60. Bf6 Qd7 61. Be5 Kg8 62. Re3 Kf7) 60. Kg1 Rf7 (60... Qd7 {seems wilder.} 61. Qf2 Re8 62. Re3 Kg8 63. Ba1 Kf7) 61. Kh2 Be2 (61... Rd7 {keeps more tension.} 62. Bf6 Qf8 63. Be5 Bc6 64. Re3 Kg8) 62. Qf2 Bc4 63. Qc5 Bb5 (63... b6 {feels hotter.} 64. Qf2 Rb7 65. Bd4 Kg8 66. Bc3 d4) 64. Bb2 ({White should play} 64. Qd4 $1 $11) 64... Bc6 (64... d4 $1 $15 65. Bxd4 Rd7) 65. Qd4 $11 Rd7 (65... Bb5 {looks sharper.} 66. Kg1 Bc4 67. Re3 Qf8 68. Kh2 Rd7) 66. Kg1 Rf7 67. Re3 Qf8 (67... Bb5 {keeps more tension.} 68. Re6 Kh6 69. Qe5 Bc6 70. Qd4 Bb5) 68. Kh2 Qd8 69. Kh3 Qf8 70. Re6 Bd7 71. Rd6 Bc6 72. Qe5 {With the idea Qe6.} Re7 73. Re6 Rxe6 74. Qxe6 d4 75. Qe5 d3 76. Qd4 Be4 77. Qd7+ Kh6 78. Bc3 Bc6 (78... b6 {is interesting.} 79. Qd4 b5 80. Kh2 a5 81. Bxa5 Qg7) 79. Qxd3 Qc5 (79... Be4 {feels hotter.} 80. Qd4 Bc6 81. Kh2 Be4 82. a4 Bc6) 80. Qg3 {[#] Threatens to win with Qg5+.} Qe7 (80... Kh7 {seems wilder.} 81. Qe1 Be4 82. Kh2 Qd6 83. Qf2 Bc6) 81. Be5 Qd8 (81... Kh7 {is more complex.} 82. Kh2 Bd5 83. Ba1 Qc5 84. Bb2 b5) 82. Bb2 Kh7 (82... Bb5 {looks sharper.} 83. Kh2 Bc6 84. Kh3) 83. Qc3 {[%csl Gb2][%cal Rc3g7]} Qf8 84. Qe5 Kg8 85. Bc3 Kf7 (85... Kh7 {with more complications.} 86. Bb2) 86. Qf6+ Ke8 87. Qxg6+ Qf7 $1 {[%cal Rf7g6]} 88. Qd6 (88. Qg3 {keeps more tension.} Kd7 89. Kh2 Be4 90. Ba5 Qf6 91. Qg5) 88... Qd5 89. Qxd5 Bxd5 {[%mdl 4096] Endgame KB-KB} 90. Kg3 Kd7 91. Kf2 Kc6 92. Ke3 Kc5 93. Kd2 Bxg2 94. Kc2 Kc4 95. Kb2 Bd5 96. Bf6 b5 97. Bg5 {Weighted Error Value: White=0.13/Black=0.21} 1/2-1/2

[Event "3rd Yerevan Open-A 2021"]
[Site "Yerevan"]
[Date "2021.10.22"]
[Round "9.9"]
[White "Pultinevicius, Paulius"]
[Black "Shyaamnikhil P"]
[Result "1-0"]
[WhiteElo "2552"]
[BlackElo "2453"]
[Annotator "TA"]
[PlyCount "75"]
[EventDate "2021.10.14"]
[EventType "swiss"]
[EventCountry "ARM"]
[SourceTitle "playchess.com"]
[Source "ChessBase"]
[SourceQuality "1"]

{[%evp 15,75,27,27,14,31,20,14,11,19,36,80,55,64,0,85,56,64,56,72,69,62,84,81,8,6,0,0,0,0,0,0,0,0,-46,-52,-43,-61,-111,-27,-27,-27,-53,-27,-33,-28,-36,68,69,132,145,592,590,568,557,29988,29989,29989,29990,29990,29991,29991,29992]} 1. d4 Nf6 2. c4 c5 3. d5 b5 4. cxb5 a6 5. e3 axb5 6. Bxb5 Qa5+ 7. Nc3 Bb7 8. Bd2 Qb6 9. a4 {The modern move. A57: Benko/Volga Gambit.} Nxd5 10. Nxd5 Bxd5 11. Nf3 {The position is equal.} Bc6 12. O-O {[#]} f6 $146 ({Predecessor:} 12... Bxb5 13. Qb3 Qa7 14. axb5 Qxa1 15. Rxa1 Rxa1+ 16. Be1 e6 17. Qc3 Ra7 18. b4 d6 {1-0 (34) Smirnov,P (2617)-Belous,V (2573) Olongapo City 2015}) 13. b4 cxb4 $1 14. Bxb4 (14. Qb3 $14) 14... Na6 (14... Bxb5 $11 15. axb5 Rxa1 16. Qxa1 Qxb5) 15. Ba3 Bxb5 16. axb5 Nc7 17. Qc2 Nxb5 18. Qb2 Rb8 19. Rfb1 (19. Rab1 $1 $16) 19... e5 $11 20. Bxf8 Rxf8 21. Qc2 g6 22. Rb4 {Strongly threatening Rab1.} Ke7 23. Rab1 Rfc8 24. Qb2 ({Don't go for} 24. Rxb5 $2 Qxb5 25. Rxb5 Rxc2 $19) 24... Rc5 25. h3 Qc6 26. Rh4 h5 (26... Rh8 $1 $17 27. Rd1 Nc3) 27. Rb4 Kf7 28. Nd2 Kg7 29. Ne4 {[#]} Rc2 30. Qb3 {[#] next Nd6 is good for White.} Ra8 31. Qd3 $1 $36 {[%mdl 2048] Black is under pressure.} d5 {[#]} 32. Nxf6 $1 $16 {[%mdl 512]} Nc7 {[%mdl 8192] [#] This move loses the game for Black.} (32... e4 $16 33. Nxh5+ (33. Qxb5 Qxf6 34. Rf1 Raa2 $15) 33... gxh5 34. Qxb5 Rc1+ 35. Rxc1 Qxc1+ 36. Kh2 Qc7+ 37. g3 Ra2) 33. Rb6 $1 $18 Rc1+ 34. Kh2 Qc2 {[#]} 35. Rxc1 {White mates.} Qxd3 36. Rxc7+ Kh6 37. h4 {[%csl Gf6][%cal Rc7h7]} Rh8 {[#]} 38. Rb8 $1 {[%cal Rb8h8][%mdl 512] Weighted Error Value: White=0.11/Black=0.66} 1-0